La pista de hielo (Registro nro. 310164)

Detalles MARC
000 -ENCABEZADO
Número de control [NR] 00824 a2200241 4500
005 - FECHA Y HORA DE LA ÚLTIMA TRANSACCIÓN
control field 20180718073312.0
008 - DE LONGITUD FIJA DE DATOS DE ELEMENTOS - INFORMACIÓN GENERAL
Elementos de longitud fija [NR] 180718s2017 ck ||||| |||| 00| 0 spa d
020 ## - NUMERO INTERNACIONAL NORMALIZADO PARA LIBROS [R]
Número Internacional Normalizado del libro [NR] 9789585433373
040 ## - FUENTE DE CATALOGACION [NR]
Agencia de catalogación original [NR] CO-BoUCM
Idioma de catalogación [NR] spa
Quien Cataloga Saul Niño
Quien Clasifica Saul Niño
041 0# - CODIGO DE IDIOMA [R]
Código de idioma para texto/pista de sonido o título separado [R] Español
100 10 - ASIENTO PRINCIPAL--NOMBRE PERSONAL [NR]
Nombre personal [NR] Bolaño, Roberto
Fechas asociadas con el nombre [NR] 1953-2003
ID Autoridad 93003
245 13 - MENCION DE TITULO [NR]
Título [NR] La pista de hielo
Mención de responsabilidad, etc. [NR] Roberto Bolaño
260 ## - PUBLICACION, DISTRIBUCION, ETC. (PIE DE IMPRENTA) [R]
Lugar de publicación, distribución, etc. [R] Bogotá (Colombia)
Nombre del editor, distribuidor, etc. [R] Penguin Random House
Fecha de publicación, distribución, etc. [R] 2017
300 ## - DESCRIPCION FISICA [R]
Extensión [R] 188 páginas
490 ## - MENCION DE SERIE [R]
Mención de serie [R] Debolsillo. Contemporánea
586 ## - NOTA DE PREMIOS [R]
Nota de premios [NR] Premio de Narrativa Ciudad de Alcalá de Henares, 1992
650 #7 - ASIENTO SECUNDARIO DE MATERIA - TERMINO TEMATICO [R]
9 (RLIN) 20481
Término temático o nombre geográfico como elemento de entrada [NR] Novela chilena
650 #7 - ASIENTO SECUNDARIO DE MATERIA - TERMINO TEMATICO [R]
9 (RLIN) 18625
Término temático o nombre geográfico como elemento de entrada [NR] Literatura chilena
650 #7 - ASIENTO SECUNDARIO DE MATERIA - TERMINO TEMATICO [R]
9 (RLIN) 18700
Término temático o nombre geográfico como elemento de entrada [NR] Literatura latinoamericana
650 #7 - ASIENTO SECUNDARIO DE MATERIA - TERMINO TEMATICO [R]
9 (RLIN) 20557
Término temático o nombre geográfico como elemento de entrada [NR] Novela policiaca
942 ## - ELEMENTOS DE ENTRADA AGREGADOS (KOHA)
Tipo de ítem principal el descrito en 300a Libro
Sistema de clasificación DEWEY
Tema principal Literatura
Edición 1
Clasificación 863.44
Parte restante de la signatura top. B687p
Existencias
Fecha de último préstamo Total préstamos Total Renewals Signatura topográfica Código de barras Prestado Última vez visto Ejemplar Costo de reposición Price effective from Tipo de ítem Perdido Sistema de clasificación Dañado No prestable Tipo de ítem específico Suprimido Ubicación habitual Ubicación actual Localización Fecha de creación Proveedor Forma de adquisición Costo
22/05/2026 7 5 CH 863.44 B687p 100157601 21/07/2026 22/05/2026 Ej.1 26000.00 13/07/2018 Libro   DEWEY     Libro   Claustro Claustro 2do piso 13/07/2018 12 Donación 0.00